Music Quiz

Random Music Quiz
Score 0/45 Timer 10:00
0 Plays Today
Line Lyric % Correct
Mine is being ____!creative
98.1%
Come on guys, let's get ____!creative
98.1%
To never be ____ again.creative
98.1%
What's your favourite ____?idea
97.8%
How do you get that ____?idea
97.8%
I just try to think ____!creatively
95.3%
'Cause you're not thinking ____!creatively
95.3%
Maybe to you, but not to ____!me
95.1%
Now when you look at this ____orange
94.8%
It's just a boring old ____!orange
94.8%
So take a look at my ____! hair
94.5%
I use my ____ to express myself!hair
94.5%
I use my ____ to express myself!hair
94.5%
I can see a man with a baseball ____!bat
94.5%
____.No
93.7%
Come on, take another ____! look
93.7%
I see a silly ____!face
92.6%
Walking along and ____ at me! smiling
92.6%
I don't see what you ____!mean
92.6%
I can see a ____cat
92.6%
Whoa there friend you might need to ____ down!slow
92.3%
Now, when you stare at the ____ in the sky, don't you find it exciting?clouds
91.8%
I can see a ____dog
91.8%
Line Lyric % Correct
I can see a ladder leaning on a ____!log
91.8%
And arrange them into your favourite ____!colour
91.8%
Green is not a creative ____.colour
91.8%
I can see a ____frog
91.5%
That sounds really ____.boring
91%
I think you're getting the ____ of it now!hang
91%
I might paint a picture of a ____! clown
91%
____!red
89.6%
I can see a ____hat
89%
____!blue
89%
____!green
88.8%
Listen to the voices in your ____!brain
87.7%
There's one more thing that you need to ____know
86.6%
Tell me ____, what do you see?please
85.8%
Listen to your ____!heart
85.5%
Now let's all ____agree
84.9%
Go and collect some leaves and ____sticks
84.1%
Before you let your ____ flowcreativity
83.3%
Here's another good ____tip
81.6%
Listen to the ____!rain
80.5%
Using your ____ to have a good time! minds
62.7%
Of how to be a creative ____whizzkid
44.1%
Come Together.
Have Fun.
All Virtual.
We all need to come together. Play Sporcle's virtual live trivia to have fun, connect with people, and get your trivia on. Join a live hosted trivia game for your favorite pub trivia experience done virtually. If a virtual private party is more your thing, go here for details.

You're not logged in!

Compare scores with friends on all Sporcle quizzes.
OR
Log In

Sporcle TV

Today on Sporcle TV


Watch our educational content, quiz creation guides, and fun videos on Sporcle TV.

Show Comments

Extras

Created Jan 29, 2016ReportNominate
Tags:hug

Top Quizzes Today


Score Distribution

Paid Content

Your Account Isn't Verified!

In order to create a playlist on Sporcle, you need to verify the email address you used during registration. Go to your Sporcle Settings to finish the process.

Report this User

Report this user for behavior that violates our Community Guidelines.

Details: